[Event "HUN-chT2 Barcza 1819"]
[Site "Hungary"]
[Date "2019.02.24"]
[Round "8.10"]
[White "Juhasz, Mihaly Jr"]
[Black "Palkovics, Balazs"]
[Result "0-1"]
[WhiteElo "1693"]
[BlackElo "1729"]
[PlyCount "80"]
[EventDate "2018.09.23"]
[EventType "team-tourn"]
[EventRounds "11"]
[EventCountry "HUN"]
[SourceTitle "CBM 189 Extra"]
[Source "ChessBase"]
[SourceDate "2019.06.03"]
[SourceVersion "1"]
[SourceVersionDate "2019.06.03"]
[SourceQuality "1"]
[WhiteTeam "Debrecen Sakkiskola"]
[BlackTeam "Nyiregyhaza"]
[WhiteTeamCountry "HUN"]
[BlackTeamCountry "HUN"]

1. d4 Nf6 2. c4 g6 3. Nf3 Bg7 4. Nc3 d6 5. g3 0-0 6. Bg2 c6 7. Bg5 Qc7 8. Bxf6 Bxf6 9. 0-0 Nd7 10. Rc1 e5 11. e3 Bg7 12. b4 h6 13. Qb3 Kh7 14. a4 f5 15. dxe5 dxe5 16. Rfd1 Nf6 17. b5 Be6 18. Qb4 Rad8 19. a5 c5 20. Qb3 e4 21. b6 axb6 22. axb6 Qf7 23. Nd2 Nd7 24. f3 Ne5 25. fxe4 Nxc4 26. Nd5 fxe4 27. Nf4 Bg4 28. Bxe4 Bxd1 29. Bxg6+ Qxg6 30. Qxc4 Rxf4 31. Qxc5 Rf5 32. Qb4 Rfd5 33. Rxd1 Qc2 34. Rf1 Rxd2 35. Qh4 Rg2+ 36. Kh1 Qc6 37. e4 Re2 38. Qg4 Qxe4+ 39. Qxe4+ Rxe4 40. Rf7 Re2 0-1

[Event "HUN-chT2 Barcza 1718"]
[Site "Hungary"]
[Date "2017.10.29"]
[Round "3.11"]
[White "Juhasz, Mihaly Jr"]
[Black "Szalaji, Renata"]
[Result "0-1"]
[WhiteElo "1647"]
[BlackElo "1941"]
[PlyCount "96"]
[EventDate "2017.09.24"]
[EventType "team-tourn"]
[EventRounds "11"]
[EventCountry "HUN"]
[SourceTitle "EXT 2021"]
[Source "ChessBase"]
[SourceDate "2020.10.23"]
[SourceVersion "1"]
[SourceVersionDate "2020.10.23"]
[SourceQuality "1"]
[WhiteTeam "Debrecen Sakkiskola II"]
[BlackTeam "Lillafured DVTK II"]
[WhiteTeamCountry "HUN"]
[BlackTeamCountry "HUN"]

1. d4 Nf6 2. c4 g6 3. Nf3 Bg7 4. Nc3 0-0 5. g3 d6 6. Bg2 Nc6 7. 0-0 e5 8. dxe5 dxe5 9. Qxd8 Rxd8 10. Bg5 Be6 11. Rac1 h6 12. Bxf6 Bxf6 13. b3 Be7 14. Rfd1 Kg7 15. Nb5 Rdc8 16. Nxe5 Nxe5 17. Bxb7 Rab8 18. Bxc8 Rxc8 19. Nd4 Bd7 20. Nf3 Nxf3+ 21. exf3 Bc6 22. Kg2 g5 23. h3 Bb4 24. Rd3 Re8 25. Kf1 a5 26. Rcd1 a4 27. f4 gxf4 28. gxf4 axb3 29. axb3 Ra8 30. c5 Bb5 31. Kg2 Bxd3 32. Rxd3 Bxc5 33. Kg3 Re8 34. Rc3 Bd6 35. Kg4 Re4 36. Rf3 Kg6 37. h4 h5+ 38. Kg3 Kf5 39. Rd3 Bxf4+ 40. Kg2 Bd6 41. Rd5+ Kg6 42. Rg5+ Kh6 43. Rf5 Rf4 44. Rb5 Rxh4 45. Rb8 Re4 46. Rh8+ Kg5 47. Rg8+ Kh4 48. Rg7 Rg4+ 0-1